00720nam a22002177a 450000500170000001000150001702000260003203500140005803700130007208200130008510000240009824500470012225000160016926000940018527000910027930000190037070000320038970000300042194200320045199900190048320240125124825.0 aENG-139031 a9789354600968c860.00 aEN-122563 bDBAD/PUB a621.3191 aKothari, D.P961318 aModern Power System AnalysiscKothari, D.P a5th Edition bMc Graw HillaAnjana Complex No:5/90 A, Butt Road, St. Thomas Mount, Chennai-600016c2022 aAnjana Complex No:5/90 A, Butt Road, St. Thomas Mount, Chennai-600016bChennaie600016 a849c24cm(pbk) aNagrath, I.JeAuthor961319 aSaket, R.KeAuthor961320 2ddccENh621.3191mKOTe5th c200389d200389